Reality

Αποθηκεύτηκε σε:
Λεπτομέρειες βιβλιογραφικής εγγραφής
Κύριος συγγραφέας: Bowie, David
Μορφή: CD Ηχητικό
Γλώσσα:Greek
English
Δημοσίευση: [Χ.τ.] : ISO Records, 2003
Θέματα:
Ετικέτες: Προσθήκη ετικέτας
Δεν υπάρχουν, Καταχωρήστε ετικέτα πρώτοι!

MARC

LEADER 00000cjm a2200000 i 4500
001 1/66199
007 sd fs gn m ed
008 071205s2003 us gre d
028 0 1 |a 5125556  |b ISO/COLUMBIA 
035 |l 10092843 
040 |a GR-MY-UA  |b gre  |e aacr 
041 0 |a gre  |a eng 
082 0 |a 781.66  |2 (22) 
100 1 |a Bowie, David. 
245 1 0 |a Reality  |h [ηχογράφηση] /  |c David Bowie 
260 |a [Χ.τ.] :   |b ISO Records,   |c 2003 
300 |a 1 δίσκος κόμπακτ;  |b ψηφιακός, στέρεο;  |c 4 3/4 ίν. 
500 |a Συνοδευτικό CD του περιοδικού HITECH, τεύχος 149 (ΟΚΤ 2006) 
500 |a Αυτός ο δίσκος παίζει σε όλα τα sacd και cd players 
500 |a Κατασκευαστής, διανομέας: Columbia Records 
505 0 |a 1. New killer star2. Pablo Picasso3. Never get old4. The loneliest guy5. Looking for water6. She'll drive7. The big car8. Days9. Fall dog bombs10. The moon11. Try some, buy some12. Reality13. Brong me the disco king 
508 |a Παραγωγή: David Bowie και Tony Visconti 
650 0 0 |a Rock music. 
650 0 0 |a Rock music  |y 2001-2010. 
852 |a INST  |b LESVOS  |c AV  |e 20071205  |h 781.66 BOW  |p 005100041088  |q 005100041088  |t CD  |y 23 
901 |a BIBL1-2007-3 
909 |a Λ  |b 137499 
970 |a ΚΑΡΑ  |b ΓΙΑΣΕΜΗ  |z 2007/12/05